| 000 | 01063cab a2200301 4500 | ||
|---|---|---|---|
| 001 | ABS59228 | ||
| 008 | 090401t1998 xxu||||| |||| 00| 0 eng d | ||
| 035 | _a(Sirsi) u88010 | ||
| 041 | _aeng | ||
| 100 | _aKing, D. | ||
| 245 | _aCases fuel confusion over TUPE regulations | ||
| 260 | _c1998 | ||
| 350 | _a0 | ||
| 490 |
_aProperty Week _v63(15) 31 July 1998, 30(1) |
||
| 520 | _aReviews two recent European Court of Justice decisions, "Suzen v Zehnacker Gebaudereinigung GmbH Krankenhausservice" and "Betts and Others v Brintel Helicopters Ltd and Another", where TUPE regulations were found not to apply. Discusses the need to evaluate each instance of contracting-out on its particular circumstances. | ||
| 650 | _aCONTRACTING-OUT | ||
| 650 | _aEMPLOYERS | ||
| 650 | _aMANAGING AGENTS | ||
| 650 | _aON-SITE STAFF | ||
| 650 | _aOUTSOURCING | ||
| 650 | _aPROPERTY PURCHASE | ||
| 650 | _aPROPERTY SALE | ||
| 650 | _aTUPE REGULATIONS | ||
| 690 |
_aPROPERTY MANAGEMENT _96262 |
||
| 700 | _aJohnstone, F. | ||
| 942 | _n0 | ||
| 948 | _c14/08/1998 | ||
| 999 |
_c55567 _d55567 |
||